An Outline of American history (Record no. 12108)
[ view plain ]
| 000 -LEADER | |
|---|---|
| fixed length control field | 00410 a2200109 4500 |
| 245 ## - TITLE STATEMENT | |
| Title | An Outline of American history |
| Medium | |
| 100 ## - MAIN ENTRY--PERSONAL NAME | |
| Personal name | United States Information Service |
| 650 ## - SUBJECT ADDED ENTRY--TOPICAL TERM | |
| Topical term or geographic name entry element | AMERICAN HISTORY |
| 260 ## - PUBLICATION, DISTRIBUTION, ETC. | |
| Place of publication, distribution, etc. | dcu |
| Name of publisher, distributor, etc. | U. S. Information Agency |
| Date of publication, distribution, etc. | 1965] |
| 084 ## - | |
| -- | E178 .W6 |
| 300 ## - PHYSICAL DESCRIPTION | |
| Extent | 246 p. illus., maps. ports. 21 x 27 cm. |
| Other physical details | 246 p. illus., maps. ports. 21 x 27 cm. |
| Dimensions | 246 p. illus., maps. ports. 21 x 27 cm. |
No items available.